| 000 | 00612nam a22002057a 4500 | ||
|---|---|---|---|
| 003 | 0 | ||
| 005 | 20240910144506.0 | ||
| 008 | 240910b xxu||||| |||| 00| 0 eng d | ||
| 020 | _a9781009071901 | ||
| 050 |
_aTR IB QC 21 _b.F246 2023 |
||
| 100 |
_aFarrington, Mark _eauthor. |
||
| 245 |
_aPhysics for the IB diploma : _bworkbook / |
||
| 250 | _a2nd ed. | ||
| 260 |
_aCambridge : _bCambridge University Press, _cc2023. |
||
| 300 |
_avii, 406 p. : _bill. ; _c28 cm. |
||
| 650 |
_aPhysics _xMethodology |
||
| 650 |
_aPhysics _xStudy and teaching |
||
| 650 |
_aPhysics _xProblems, exercises, etc |
||
| 942 |
_2lcc _cBK |
||
| 999 |
_c366207 _d366207 |
||